000 02011nam0a2200349 i 4500
001 RU\NLR\BIBL_A\011100162
005 20260406094204.0
010 _a9785000684672
_9500
021 _aRU
_b2016-22988
_91452
035 _a(NILC)RuMoRGB-008254633
035 _a(NLR Aleph) 011100162
090 _a11415754
_c11415754
100 _a20160412d2016 km y0rusy50 ca
101 0 _arus
102 _aRU
105 _aa|||z|||100yy
200 1 _aСтратегия устойчивого развития регионов России
_eсборник материалов XXX всероссийской научно-практической конференции, г. Новосибирск, 20 января, 18 февраля 2016 г.
_fпод общ. ред. к.э.н. С. С. Чернова
210 _aНовосибирск
_cЦентр развития научного сотрудничества
_d2016
215 _a148 с.
_cил.
_d21
300 _aВ надзаг.: Центр развития научного сотрудничества
320 _aБиблиогр. в конце ст.
606 1 _aУстойчивого развития концепция
_jСъезды, совещания и т.п
_yРоссийская Федерация
_92270123
_3RU\NLR\AUTH\661360677
610 0 _aустойчивое развитие
675 _a316
686 1 _aУ9(2)-961-314(2Р)я431
702 1 _4340
_7ca
_8rus
_aЧернов
_bС. С.
_cканд. экон. наук
_f1979-
_gСергей Сергеевич
_951235
_3RU\NLR\AUTH\7768307
711 1 2 _a"Стратегия устойчивого развития регионов России", всероссийская научно-практическая конференция
_d30
_eНовосибирск
_f2016
_9513712
_3RU\NLR\AUTH\880424582
801 0 _aRU
_bРГБ
_c20160323
_gRCR
942 _cBOOK
980 _aNBR